Viejos y nuevos estudios etnohistoricos : relaciones interétnicas y la emergencia de una cultura mestiza en américa del sur /

Guardado en:
Autor Principal: Gonzalez Coll, Maria Mercedes
Otros Autores: Perez Amat, Maria Emilia, Bechis, Martha, González Coll, María Mercedes
Formato: Libro
Publicado: Bahía Blanca : Ediuns, 1999
Materias:
Etiquetas: Agregar Etiqueta
Sin Etiquetas, Sea el primero en etiquetar este registro!
LEADER 02931nam a22002655a 4500
001 CEM.cems011926
005 20070523141844.0
008 130507s1999##################000#0#####d
003 CEMS
020 |a 9879281217 
082 0 4 |a 982.1 
100 1 |a Gonzalez Coll, Maria Mercedes 
245 1 0 |a Viejos y nuevos estudios etnohistoricos :  |b relaciones interétnicas y la emergencia de una cultura mestiza en américa del sur /  |c Compilado Por María Mercedes Gonzalez Coll 
260 |a Bahía Blanca :  |b Ediuns,  |c 1999 
300 |a 289 p. 
505 0 |a Unidad de análisis, identidad e historicidad en el estudio del pueblo mapuche en el siglo XIX / Martha Bechis -- El ser y no ser de la etnohistoria / María Mercedes González Coll ; María Emilia Pérez Amat -- La etnohistoria y seis preguntas básicas / María Mercedes González Coll ; María Emilia Pérez Amat -- Programa de estudios etnohistóricos regionales / María Mercedes González Coll ; María Emilia Pérez Amat -- Frontera sur ...qué frontera? / María Mercedes González Coll -- Indígenes y criollos en la frontera sur. Relaciones interétnicas / María Mercedes Coll ; María Emilia Pérez Amat -- Mediadores étnicos. Análisis de un caso / María Emilia Pérez Amat ; María Mercedes González Coll -- La reconstrucción de la vida de frontera a partir de las normas de ordenamiento social. Un enfoque etnohistorico del problema / María Mercedes González Coll -- Un lustro y cinco documentos en las relaciones interétnicas de la fotaleza protectora argentina / María Mercedes González Coll ; María Emilia Pérez Amat -- Frontera sur, un novedoso espacio vivido / María Mercedes González Coll -- Identidad e imaginario en los pueblos de frontera: Análisis de un caso / María Emilia Pérez Amat ; María Mercedes González Amat -- Indios, negros, criollos y gringos. Retazos de estampa de identidad de la frontera / María Mercedes González Coll ; María Emilia Pérez Amat -- Elementos confortantes de una identidad regional a través de la mentalidad de frontera y sus mitos. Un caso: Bahía Blanca / María Mercedes González Coll -- La máscara de la monoetnicidad / María Mercedes González Coll -- Evangelización y la cuestión de la poligamia indígena / María Mercedes González Coll -- La vida cotidiana en los poblados jesuíto-guaraní / María Mercedes González Coll -- La ganadería jesuítico guaraní: de la vaquería a la estancia / María Mercedes González Coll -- La pedagogía misionera jesuítica en dos centros de evangelización: Paraguay y Chiloe / María Mercedes González Coll 
653 |a Historia 
653 |a Etnohistoria 
653 |a Historia argentina 1810-1860 
653 |a Frontera sur 
653 |a Bahía blanca-etnohistoria 
700 1 |a Perez Amat, Maria Emilia 
700 1 |a Bechis, Martha 
700 1 |a González Coll, María Mercedes 
859 |a CEMS  |b BIB. CEMS - 11 de abril  |h 982.1  |i G589-2  |p 22995.05  |t Ej.1